00290nam a2200109Ia 4500008004100000041000800041082001600049100001600065245004400081250001000125260004500135230627s9999 xx 000 0 und d aeng a345.54bSAX aSaxena R. N aIndian Penal Code (Act No. Xlv Of 1860) a15ed. aAllahabadbCentral Law Publcationsc1998